Návrh informačného systému pre obchodnú spoločnosť

Saved in:
Bibliographic Details
Main Author: Blšták, Peter, 1976- (Author)
Other Authors: Kotianová, Janette, 1972- (Thesis advisor)
Format: Manuscript Book
Language:Slovak
Published: STU v Bratislave MTF UIAM, 2010
Subjects:
Online Access:VAIS
Tags: Add Tag
No Tags, Be the first to tag this record!

MARC

LEADER 00000ntm a22000003a 4500
001 stu206425
005 20160719160330.7
008 100703s2010------------------------slo-d
040 |a STU  |b slo 
041 0 |a slo 
100 1 |a Blšták, Peter,  |d 1976-  |4 aut  |X 34509  |7 A000034509 
242 0 0 |a Design of information system for commercial company  |y eng 
245 1 |a Návrh informačného systému pre obchodnú spoločnosť 
260 |b STU v Bratislave MTF UIAM,  |c 2010 
650 7 |a analýza aspektovo-orientovaná  |2 stusub 
650 7 |a information system  |2 estusub 
650 7 |a storage  |2 estusub 
650 7 |a UML  |2 stusub 
650 7 |a UML  |2 stusub 
650 7 |a analyse  |2 estusub 
700 1 |a Kotianová, Janette,  |d 1972-  |4 ths  |u M6000  |U MTF Materiálovotechnologická fakulta  |T MTF Ústav aplikovanej informatiky, automatizácie a matematiky  |X 2875  |U M6000  |Y 86  |7 A000002875 
856 4 |a info a plný text  |u http://is.stuba.sk/zp/portal_zp.pl?podrobnosti=75249  |3 VAIS 
996 |c M*DP-9155  |l MMSKP  |s P  |a 0  |w stu206425_0001